Sborník vědeckých prací Vysoké školy báňské - Technické univerzity Ostrava. [F], Řada elektrotechnická

Korporativní autor: Vysoká škola báňská - Technická univerzita Ostrava
Jazyk: Čeština
Vydáno: Ostrava : VŠB-Technická univerzita, 1992-
Témata:
Fyzický popis: ^^^sv. ; 23 cm
Odebírané ročníky: 1996
Noviny a časopisy
Uloženo v:
LEADER 01007nas a2200241 a 4500
001 000231786
003 CZ BrMZK
005 20121109144601.0
008 010907u1992uuuuxr f cze d
022 |a 1210-048X 
040 |a BOA001  |b cze 
080 |a 378.662.2(437.2)  |2 MRF 
245 0 0 |a Sborník vědeckých prací Vysoké školy báňské - Technické univerzity Ostrava.  |n [F],  |p Řada elektrotechnická 
246 3 0 |a Řada elektrotechnická 
260 |a Ostrava :  |b VŠB-Technická univerzita,  |c 1992- 
300 |a ^^^sv. ;  |c 23 cm 
362 0 |a Roč. 1, č. 1 (1992), 1992 
500 |a Dříve jako Sborník vědeckých prací Vysoké školy báňské v Ostravě 
653 0 |a Technická univerzita Ostrava  |a Vysoká škola báňská Ostrava 
710 2 |a Vysoká škola báňská - Technická univerzita Ostrava  |7 kn20010709483 
910 |a BOA001  |b TK-0248.646  |r 1996 
990 |a SE 
996 6 |b 2620008318  |c TK-0248.646  |d 1996 5 1  |v 5  |i 1  |y 1996  |l MZK  |r Sklad / do 24 hodin  |n 0  |w 000231786  |u 000010  |a 1  |e BOA001  |j MZK50  |s P